000154089 001__ 154089
000154089 005__ 20250512161015.0
000154089 037__ $$aTAZ-TFG-2024-1422
000154089 041__ $$aspa
000154089 1001_ $$aMarín Lapeña, Miriam
000154089 24200 $$aImpact of muscle strength on throwing speed in waterpolo players
000154089 24500 $$aImpacto de la fuerza muscular en la velocidad de lanzamiento en jugadores de waterpolo
000154089 260__ $$aZaragoza$$bUniversidad de Zaragoza$$c2024
000154089 506__ $$aby-nc-sa$$bCreative Commons$$c3.0$$uhttp://creativecommons.org/licenses/by-nc-sa/3.0/
000154089 520__ $$aConocer como las variables de potencia, RM (repetición máxima), y agarre, afectan al lanzamiento y ver si son un factor de rendimiento a tener en cuenta en su mejora en jugadores de waterpolo.<br /><br />
000154089 521__ $$aGraduado en Ciencias de la Actividad Física y del Deporte
000154089 540__ $$aDerechos regulados por licencia Creative Commons
000154089 691__ $$a0
000154089 692__ $$a
000154089 700__ $$aLópez Laval, Isaac$$edir.
000154089 7102_ $$aUniversidad de Zaragoza$$bFisiatría y Enfermería$$cEducación Física y Deportiva
000154089 8560_ $$f829268@unizar.es
000154089 8564_ $$s1024311$$uhttps://zaguan.unizar.es/record/154089/files/TAZ-TFG-2024-1422.pdf$$yMemoria (spa)
000154089 8564_ $$s37289$$uhttps://zaguan.unizar.es/record/154089/files/TAZ-TFG-2024-1422_ANE.pdf$$yAnexos (spa)
000154089 909CO $$ooai:zaguan.unizar.es:154089$$pdriver$$ptrabajos-fin-grado
000154089 950__ $$a
000154089 951__ $$adeposita:2025-05-12
000154089 980__ $$aTAZ$$bTFG$$cFCSHUES
000154089 999__ $$a20240529174348.CREATION_DATE